000
00270nam a2200097Ia 4500
001
695426
005
20250826161952.0
008
250824s9999 xx 000 0 und d
245
0
_a
BEYAZ DİŞ (ANTİK OKUL KLASİKLERİ)
_c
JACK LONDON
260
_b
ANTİK DÜNYA KLASİKLERİ
999
_c
695426
_d
695426